MDQL
is popping MORE tags! Check the
thread
!
Quizzes
Events
Quiz Creation
Community
Videos
Private Events
Remove Ads
Sign In
Join for FREE
Feedback
Dark Mode
Quiz Categories
Sports
Geography
Music
Movies
Television
Just For Fun
Miscellaneous
History
Literature
Language
Science
Gaming
Entertainment
Religion
Holiday
For Kids
Quiz Lab
Recent
Popular Today
Quiz Kudos Today
Editor Picks
Curator Picks
Quizzes by...
Day
Popularity
Type
Ratings
Length
Year
Community
Subscriptions
Recent Discussions
Orange Saloon
Badges
Playlists
Quests
Create
Leaderboards
Showdown
Live 5
Trivia Bingo
Activity
Puzzle Library
Sporcle Events
Private Events
Virtual Trivia
Globe League
Become a Host
Pub Owners
SporcleCon
Opinionation
Our Games
Videos
Blog
Mobile Apps
Partnerships
Remove Ads and Go Orange
Feedback
Television
TV Characters
TV Show
Sitcom
Network
Friends
Reality Shows
Cast
South Park
Star Trek
The Simpsons
Doctor Who
Television
TV Characters
TV Show
Sitcom
Network
Friends
Reality Shows
Cast
South Park
Star Trek
The Simpsons
Doctor Who
Random Quiz
Search Sporcle
×
Quiz Lab
Quiz Lab
Television
Show
Type in answers that appear in a list
Type in answers that appear in a list
Classic
Best Score? Go Orange.
Locations of Equestria Stats
Can you name all the regions from the show My Little Pony: Friendship is Magic?
By
AlagomSwede
15m
39 Questions
257 Plays
257 Plays
257 Plays
Comments
Comments
Give Quiz Kudos
Give Quiz Kudos
-
- Ratings
hide this ad
Replay
Link that replays current quiz
Next Quiz
Link to next quiz in quiz playlist
You Got
0%
They Got
Avg Score
30%
Avg Friend Score
Upgrade to see
Score Distribution
Jump to the score distribution portion of the page
Score
0/39
Timer
15:00
0
Plays Today
Location Category
Location
% Correct
Urban
Ponyville
95.7%
Urban
Canterlot
93.4%
Urban
Cloudsdale
84.4%
Country/
kingdom
Crystal Empire
84%
Natural Site
Everfree Forest
79%
Urban
Manehattan
72%
Urban
Appleloosa
56%
Urban
Fillydelphia
50.2%
Coutry/
kingdom
dragon lands
48.2%
Natural Site
White Tail Woods
45.1%
Urban
Dodge Junction
44.4%
Natural Site
Ghastly Gorge
42.8%
Prison
Tartarus
42.8%
Urban
Las Pegasus
42%
Urban
Rainbow Falls
40.5%
Country/
kingdom
Saddle Arabia
39.7%
Urban
Trottingham
34.6%
Urban
our town
33.9%
Natural Site
Froggy Bottom Bog
31.5%
Urban
Baltimare
31.1%
Location Category
Location
% Correct
Urban
Vanhoover
26.8%
Urban
Hoofington
24.1%
Natural site
neighagra falls
23.2%
Urban
sire's hollow
23.2%
Natural Site
Winsome Falls
18.7%
Urban
Mustangia
18.3%
Natural site
smokey mountains
16.1%
Natural site
winsome falls
16.1%
16.1%
Natural Site
Flame Geyser Swamp
16%
Urban
Maretania
15.2%
Urban
Galloping Gorge
12.8%
Urban
breezie village
12.5%
Urban
Hollow Shades
11.3%
Natural site
badlands
10.7%
Urban
seaward shoals
10.7%
Urban
Tall Tale
10.1%
Urban
Foal Mountain
9.7%
Natural Site
Tenochtitlan Basin
6.2%
Quiz Playlist
Details
Report
Send in Message
Add To Playlist
Classic:
Type in answers that appear in a list
Last Updated: Aug 11, 2019
Quiz Scoreboard
CHALLENGE
Sign Up to Join the Scoreboard
Show All
Scores
Hide
Comments
May contain spoilers
Recently Published
Street Fighter Characters
by Artimus82
Gaming
60s
9x9 Crossword: Cartoon Network
by jackfrog10
Miscellaneous
3m
College Basketball Coaching Resumes
by pancakes188
Sports
9m
More to Explore
Quiz From the Vault
Featured Blog Post
Where Did the Easter Bunny Come From?
hide this ad
You Might Also Like...
Tags
Show Quiz
Category
episode
Featured
little
location
magic
Pony
region
Today's Top Quizzes in Television
Browse Television
hide this ad
Today's Top Quizzes in Show
Browse Show
Top Contributed Quizzes in Television
1
5-to-1: The Simpsons Families
2
5-to-1: Television Doctors
3
Adjectives in 80s TV Shows
4
Adjectives in 00s TV Shows
5
7-to-1: TV Show Settings
6
Adjectives in 10s TV Shows
7
Survivor Journey Challenge
8
5-to-1: Streaming Originals
9
Survivor Seasons
10
One Piece Logic Puzzle
Explore More
Trending Topics
Anime
Kpop
Disney
Harry Potter
NBA
Marvel
Crossword
Soccer
Country
The Office
NFL
Pokémon
Puzzle
Song
WWE
hide this ad
More By:
AlagomSwede
Quiz
Plays
Rating
Category
Featured
Created
Locations of Equestria
257
4.75
Television
Apr 11, 2014
Go to Creator's Profile
Score Distribution
Quiz Creator Spotlight
AlagomSwede
Follow
Send a Message
Quizzes Created
-
Created Quiz Play Count
-
More By This Creator
Popular Quizzes Today
1
Find the US States - No Outlines Minefield
2
Find the Countries of Europe - No Outlines Minefield
3
The Countries of the World
4
Find the US States
5
Risky Map Clicking: Biggest States A-Z
6
US States
7
Popular People in 1961
8
Movies - When Are They Set?
More Television Quizzes
TV Shows by Image A-Z
Published
Trending Quizzes
Risky Map Clicking: Least Populous States A-Z
Countries of the World: 200 Million BC
1-10 Letter G Words
Risky Map Clicking: Next State Alphabetically
Adjectives in 80s TV Shows
Recently Updated
Leaping Animals
pecheneg
Reality TV Shows (A-Z)
bhenderson79
Rickey Henderson's Hall of Fame Teammates
pecheneg
Champions League XIs: Arsenal
pecheneg
Quick Pick: Celebrities in WWE's Hall of Fame
aduchscher
A-Z Keypad Blitz II
pecheneg
Multiple Oscar Actors
pecheneg
Mystery Phrase Blitz: Oscar 'Best Actors'
pecheneg
F. Scott Fitzgerald Novels
LTH
Pick 3 Villains
ddd62291
Trending Topics
Harry Potter
NBA
Kpop
Marvel
Crossword
Disney
Anime
Song
WWE
The Office
Pokémon
Soccer
Country
NFL
Puzzle
Your Account Isn't Verified!
In order to create a playlist on Sporcle, you need to verify the email address you used during registration. Go to your
Sporcle Settings
to finish the process.
Report this User
Report this user for behavior that violates our
Community Guidelines
.
Details:
Send Report
Go to the Sporcle.com Mobile Site →
Comments